Encourager le développement de théologies particulières, une menace pour l’Église universelle ? (notice n° 2069491)

détails MARC
000 -LEADER
fixed length control field 01362cam a2200157 4500500
005 - DATE AND TIME OF LATEST TRANSACTION
control field 20260405003631.0
041 ## - LANGUAGE CODE
Language code of text/sound track or separate title fre
042 ## - AUTHENTICATION CODE
Authentication code dc
100 10 - MAIN ENTRY--PERSONAL NAME
Personal name Lardinois, Olivier
Relator term author
245 00 - TITLE STATEMENT
Title Encourager le développement de théologies particulières, une menace pour l’Église universelle ?
260 ## - PUBLICATION, DISTRIBUTION, ETC.
Date of publication, distribution, etc. 2005.<br/>
500 ## - GENERAL NOTE
General note 61
520 ## - SUMMARY, ETC.
Summary, etc. This article presents the work carried out thanks to the foundation of the Research Center for Aboriginal Theology within the Theological institute of Fu Jen Catholic University in Taipei (Taïwan). This center, which promotes formation and reflection among pastoral ministers working with the aboriginal Catholic community of Taïwan, represents an original initiative that could serve as an inspiration for other institutes of theological formation based in local churches where diverse cultural communities coexist. Far from threatening the universality of Christian faith, the Research Center for Aboriginal Theology, by putting itself at the service of a truly inculturated theological reflection, seeks on the contrary to contribute to a peaceful and fruitful dialogue between the universal faith and particular cultures.
786 0# - DATA SOURCE ENTRY
Note Lumen Vitae | Volume LX | 1 | 2005-01-01 | p. 79-86 | 0024-7324
856 41 - ELECTRONIC LOCATION AND ACCESS
Uniform Resource Identifier <a href="https://shs.cairn.info/revue-lumen-vitae-2005-1-page-79?lang=fr&redirect-ssocas=7080">https://shs.cairn.info/revue-lumen-vitae-2005-1-page-79?lang=fr&redirect-ssocas=7080</a>

Pas d'exemplaire disponible.

PLUDOC

PLUDOC est la plateforme unique et centralisée de gestion des bibliothèques physiques et numériques de Guinée administré par le CEDUST. Elle est la plus grande base de données de ressources documentaires pour les Étudiants, Enseignants chercheurs et Chercheurs de Guinée.

Adresse

627 919 101/664 919 101

25 boulevard du commerce
Kaloum, Conakry, Guinée

Réseaux sociaux

Powered by Netsen Group @ 2025